Đừng lựa chọn an nhàn khi còn trẻ

Chỉ ra bí quyết giúp bạn đi trên con đường thành công có vô số trở ngại và khó khăn mà thanh xuân là thời gian đẹp nhất trong cuộc đời, những năm tháng then chốt có thể quyết định tương lai của mỗi con người, hãy ươm trồng nên những hạt...

全面介绍

Đã lưu trong:
书目详细资料
主要作者: Cảnh Thiên
格式: 图书
语言:Undetermined
出版: Thành phố Hồ Chí Minh Thế giới 2019
主题:
标签: 添加标签
没有标签, 成为第一个标记此记录!
Thư viện lưu trữ: Trung tâm Học liệu Trường Đại học Cần Thơ
LEADER 01269nam a2200205Ia 4500
001 CTU_232446
008 210402s9999 xx 000 0 und d
020 |c 81000 
082 |a 158.1 
082 |b C107 
100 |a Cảnh Thiên 
245 0 |a Đừng lựa chọn an nhàn khi còn trẻ 
245 0 |c Cảnh Thiên 
260 |a Thành phố Hồ Chí Minh 
260 |b Thế giới 
260 |c 2019 
520 |a Chỉ ra bí quyết giúp bạn đi trên con đường thành công có vô số trở ngại và khó khăn mà thanh xuân là thời gian đẹp nhất trong cuộc đời, những năm tháng then chốt có thể quyết định tương lai của mỗi con người, hãy ươm trồng nên những hạt mầm sự sống giúp bạn thêm tin yêu và vững chãi trong cuộc đời; vì thế ta không nên chọn an nhàn khi con trẻ, mà phải vất vả, gian nan, thử thách lúc trẻ thì mới có cuộc sống hạnh phúc, thành công trong tương lai 
650 |a Đời sống tinh thần,Spiritual life 
910 |a Tuyến 
980 |a Trung tâm Học liệu Trường Đại học Cần Thơ